|
|
|
|
| LEADER |
00000nam a2200000 a 4500 |
| 001 |
vtls008182406 |
| 003 |
SK-MaSNL |
| 005 |
20260301225059.0 |
| 008 |
240314 000 0 eng |
| 040 |
|
|
|a SNK
|b slo
|c SNK
|e AACR2
|
| 100 |
1 |
|
|a John, Jaromír,
|d 1882-1952
|4 aut
|9 121354
|
| 245 |
1 |
0 |
|a Příběhy Dona Quijota
|n díl první
|
| 250 |
|
|
|a 9. vyd.
|
| 260 |
|
|
|a Praha
|b Československý spisovatel
|c 1978
|
| 300 |
|
|
|a 366 s.
|
| 999 |
|
|
|c 949610
|d 951540
|
| 952 |
|
|
|a SNK
|b SNK
|y VYP
|7 0
|p 17A0473643
|o snkIC 72931
|i snkKIP 4785/78
|3 Rekatalogizácia
|0 0
|1 0
|4 0
|d 2005-07-01
|l 0
|r 2026-02-24 09:44:49
|w 2026-02-24
|